| 000 | 00654nam a2200229Ia 4500 | ||
|---|---|---|---|
| 003 | OSt | ||
| 005 | 20250719160559.0 | ||
| 008 | 210423s2007 xx 000 0 und d | ||
| 020 | _a97815976203 | ||
| 040 | _cAL | ||
| 041 | _aEnglish | ||
| 082 |
_a070.43 _bSMIE |
||
| 100 |
_aJon Smith _977426 |
||
| 245 |
_aEssential reporting _b: the NCTJ guide for trainee journalists |
||
| 260 |
_aNew Delhi _bSage Publications _c2007 |
||
| 300 |
_ax,264p. _bPB _c23x18.7cm. |
||
| 365 |
_b1334 _cINR |
||
| 650 |
_aJournalism _977427 |
||
| 650 |
_aReporting _977428 |
||
| 906 | _aEssential ; guide ; journalists. ; nctj ; reporting: ; trainee | ||
| 942 |
_2ddc _cBK |
||
| 999 |
_c155793 _d155793 |
||